UBT Library

Endërrat janë fiksion (Record no. 60994)

000 -LEADER
fixed length control field 00309nam a22001337a 4500
008 - FIXED-LENGTH DATA ELEMENTS--GENERAL INFORMATION
fixed length control field 260424b ||||| |||| 00| 0 eng d
020 ## - INTERNATIONAL STANDARD BOOK NUMBER
International Standard Book Number 9789951926201
041 ## - LANGUAGE CODE
Language code of text/sound track or separate title eng
080 ## - UNIVERSAL DECIMAL CLASSIFICATION NUMBER
Field link and sequence number 821.18
Universal Decimal Classification number 821.18
100 ## - Rafti
Rafti 40
101 ## - Shkurtesa
Shkurtesa Poezi
245 ## - TITLE STATEMENT
Title Endërrat janë fiksion
Statement of responsibility, etc Vehbi Miftari
942 ## - ADDED ENTRY ELEMENTS (KOHA)
Source of classification or shelving scheme
Item type Books

No items available.

UBT Library © 2015-2024. All rights reserved University Education for Business and Technology